| 000 | 00771nam a2200205 i 4500 | ||
|---|---|---|---|
| 001 | 167841 | ||
| 003 | ES-MaACL | ||
| 005 | 20250918063042.0 | ||
| 008 | 031016s1886 fr |||| | fre d | ||
| 100 | 1 |
_aWallon, Henri, _d1812-1904 _9152274 |
|
| 245 | 1 | 3 |
_aLa révolution du 31 mai et le fédéralisme en 1793 ou La France vaincue par la commune de Paris / _cH. Wallon. |
| 260 |
_aParis : _bLibrairie Hachette et Cie., _c1886. |
||
| 300 |
_a2 v. ([4], VII, 547 ; [2], 542, [1] p.) ; _c23 cm. |
||
| 650 | 4 |
_aFederalismo _912738 |
|
| 651 | 4 |
_aFrancia- _xHistoria- _y1789-1799, Revolución _9241176 |
|
| 740 | 0 | 2 | _aFrance vaincue par la commune de Paris. |
| 752 |
_aFrancia - _dParís |
||
| 852 |
_aES-MaACL _jG-6103-04 _z- Enc. hol. |
||
| 999 |
_c167841 _d167841 |
||